| 000 | 00326 a2200121 4500 | ||
|---|---|---|---|
| 001 | 66128 | ||
| 082 | _a629.13232FRI | ||
| 090 |
_c38422 _d38422 |
||
| 100 | _aFrisch, Uriel | ||
| 245 |
_aAdvances in Turbulence VII _bproceedings of the 7th Euro conference |
||
| 260 |
_aNetherland _bKluwer Academic _c1998 |
||
| 300 | _a613 p | ||
| 942 |
_aNUST-CAE _k629.13232FRI |
||
| 999 |
_c301201 _d301201 |
||